La historia del Estado Argentino como gestor de crisis empresarias. El caso "Vicentin SA s/concurso preventivo" (Registro nro. 21373)

Detalles MARC
000 -LEADER
fixed length control field 00399 a2200109 4500
001 - CONTROL NUMBER
control field ART_51133
005 - DATE AND TIME OF LATEST TRANSACTION
control field 20260410161810.0
008 - FIXED-LENGTH DATA ELEMENTS--GENERAL INFORMATION
fixed length control field 260409a
100 1# - MAIN ENTRY--PERSONAL NAME
Personal name Dasso, Ariel G.
245 10 - TITLE STATEMENT
Title La historia del Estado Argentino como gestor de crisis empresarias. El caso "Vicentin SA s/concurso preventivo"
773 0# - HOST ITEM ENTRY
Title Doctrina Societaria y Concursal
Related parts - N° 392 (jul. 2020)
Record control number REV4298

No hay ítems disponibles.